Statistics for Demon's Souls Bosses

Click here to take the quiz!

General Stats

  • This quiz has been taken 77 times
  • The average score is 14 of 18

Answer Stats

HintAnswer% Correct
Boletarian PalaceFalse King
93%
Boletarian PalacePhalanx
92%
Boletarian PalaceTower Knight
90%
Stonefang TunnelDragon God
86%
Stonefang TunnelFlamelurker
86%
The NexusKing Allant
86%
Shrine of StormsStorm King
86%
Tower of LatriaManeaters
80%
Boletarian PalacePenetrator
80%
Journey to the Nexus (Tutorial)Vanguard
80%
Tower of LatriaFool's Idol
78%
Shrine of StormsOld Hero
78%
Tower of LatriaOld Monk
76%
Stonefang TunnelArmor Spider
75%
Valley of DefilementLeechmonger
73%
Shrine of StormsAdjudicator
71%
Valley of DefilementDirty Colossus
53%
Valley of DefilementMaiden Astraea
49%

Score Distribution

Percentile by Number Answered

Percent of People with Each Score

Your Score History

You have not taken this quiz